000 00380nam a2200145Ia 4500
008 230917s9999||||xx |||||||||||||| ||und||
040 _e180096
_aMAIN
041 _aEnglish
082 _a810.9 Y17A
100 _aYannella, Philip
245 0 _aAmerican literature in context from 1865 to 1929
260 _aMalden
_bWiley-Blackwell
_c2011
300 _axv, 147 p.
942 _cBK
999 _c156095
_d156095